00298pab a2200121 454500008004000000100001700040245002700057260000900084300001600093362001100109650002200120773003400142180718b2003 xxu||||| |||| 00| 0 eng d aAlam, Arshad aUnderstanding Madrasas c2003 ap.2123-126. a31 May aIslamic education aEconomic and Political Weekly